| 000 | 00000nas 2200000zi 4500 |
| 001 | 9.913895 |
| 003 | CaOODSP |
| 005 | 20250620123721 |
| 006 | m o d f |
| 007 | cr ||||||||||| |
| 008 | 220727c20199999mbcar p o f0###b0fre|d |
| 040 | |aCaOODSP|bfre|erda|cCaOODSP |
| 043 | |an-cn--- |
| 086 | 1 |aNM102-2F-PDF |
| 110 | 2 |aMusée canadien pour les droits de la personne.|eauteur,|eorganisme de publication. |
| 245 | 10|aÉtats financiers Musée canadien pour les droits de la personne exercice terminé le ... / |cMusée canadien pour les droits de la personne. |
| 264 | 1|a[Winnipeg, Manitoba] : |bCanadian Museum for Human Rights = Musée canadien pour les droits de la personne, |c[2019]- |
| 310 | |aAnnuel |
| 336 | |atexte|btxt|2rdacontent/fre |
| 337 | |ainformatique|bc|2rdamedia/fre |
| 338 | |aressource en ligne|bcr|2rdacarrier/fre |
| 362 | 1 |aParaît depuis : Le 31 mars 2019. |
| 500 | |aPublié aussi en anglais sous le titre : Financial statements of Canadian Museum for Human Rights year ended ... . |
| 588 | |aDescription d'après : Le 31 mars 2019. |
| 588 | |aDernière livraison consultée : Le 31 mars 2021. |
| 610 | 26|aMusée canadien pour les droits de la personne|xCrédits budgétaires et dépenses|vPériodiques. |
| 650 | 6|aÉtats financiers|zCanada|vPériodiques. |
| 655 | 7|aPériodiques|2rvmgf |
| 775 | 08|tFinancial statements of Canadian Museum for Human Rights year ended ...|w(CaOODSP)9.913894 |